| 000 | 01201nam a22002897a 4500 | ||
|---|---|---|---|
| 005 | 20090901105553.0 | ||
| 008 | 090901t xxu||||| |||| 00| 0 eng d | ||
| 010 | _aENG-94997 | ||
| 020 | _c200.00 | ||
| 035 | _aEN-78530 | ||
| 037 | _bDBAD / PUB | ||
| 040 |
_adpl _bEnglish |
||
| 082 | _a340.0917645 | ||
| 100 | _aJhabvala, Noshirvan H. | ||
| 245 |
_aPrinciples of hindu law/ _cby Noshirvan H. Jhabvala; edited & revised by H.D. Pithawalla |
||
| 250 | _a21st ed. (rev.) | ||
| 260 |
_aMumbai _bC. Jamnadas & Co. _c(200?) |
||
| 270 |
_a146-C, Shamaldas Gandhi Marg, _bMumbai _e400002 |
||
| 300 |
_a304p. _c24cm(pbk) |
||
| 500 | _aincluding the Hindu Marriage Act, the Hindu Minority & Guardianship Act, the Hindu Adoptions & Maintenance Act, the Hindu Succession Act (as amended in 2005), the Special Marriage Act | ||
| 500 | _aIncludes index | ||
| 650 | _aHindu law | ||
| 650 |
_aConstitutional law _zIndia |
||
| 700 | _aPithawall, H.D. | ||
| 942 |
_2ddc _cEN _mJHA _h340.0917645 |
||
| 999 |
_c29860 _d29860 |
||